Normal view
MARC view
Entry Corporate Name
001 - CONTROL NUMBER
- control field: 45079
003 - CONTROL NUMBER IDENTIFIER
- control field: ARRUPE
005 - DATE AND TIME OF LATEST TRANSACTION
- control field: 20190307105540.0
008 - FIXED-LENGTH DATA ELEMENTS
- fixed length control field: 190307|| aca||aabn | a|a d
040 ## - CATALOGING SOURCE
- Original cataloging agency: ARRUPE
- Transcribing agency: ARRUPE
110 ## - HEADING--CORPORATE NAME
- Corporate name or jurisdiction name as entry element: World bank
- General subdivision: Development programs
- Geographic subdivision: Africa
670 ## - SOURCE DATA FOUND
- Source citation: Work cat.: (ARRUPE): Africa's future and the world bank's support to it, 2011